000 00539nam a2200169Ia 4500
008 230718s9999 xx 000 0 und d
020 _a9781787121485
041 _aeng
082 _a005.13'3
_bCHA
100 _aChatterjee S.
_9118042
245 _aPython Social Media Analytics
_bAnalyze And Visualize Data From Twitter, YouTube, GitHub, And More
260 _c2017
_bPackt
300 _a295
365 _cRs.
_b999.00
700 _aChatterjee S. & Krystyanzuk M.
_9201014
906 _dO:0604319-Aug-2018B:IN27618-Jul-2018
_cCOMP
_b199.8
999 _c348173
_d348173